=LDR 00000nam 2200000 4500 =001 INLIS000000000019853 =005 20130612114853 =008 ***********************************Ind** =035 ##$$0010-061300000019853 =041 ##$$a Ind =082 ##$$a 828.83 =090 ##$$a 828.83, Lan t =100 ##$$a Lane, Margaret =245 ##$$a The tale of beatrix potter, Margaret Lane =260 ##$$a 1946 $b London =300 ##$$a Marget Lane =650 ##$$a Kesusastraan Inggris-Penulisan =850 ##$$a NBPNMAT